000
00218 a2200097 4500
001
4551
100
_a
Obert,E.F
245
_a
Elements of thermodnamics heat transfer
260
_a
_b
Mcgrawhill
_c
090
_c
3748
_d
3748
942
_a
NUST-CAE
_c
M
_c
29987
999
_c
239624
_d
239624